01319nam a2200313 i 4500003000500000005001700005008004100022020001800063040002500081050001000106082002400116100003000140245004600170250001800216250001600234264006700250300004900317336002100366337002500387338002300412500002000435505029300455650002700748650001500775650002400790942004700814952012700861999001700988CSPC20241126155732.0241113s2018 ii a 001 0 eng d a9789332584037 cCSPCaCSPCbengerda00aTA40504a620.1123bH521m2231 aHibbeler, R. C.,eauthor.10aMechanics of materials / cR.C. Hibbeler. aNinth edition aSI edition. 1a[Place of publication not identified] :bPearson India,c2018. axix, 874 pages : billustrations ; c25 cm.  atext2rdacontent aunmediated2rdamedia avolume2rdacarrier aIncludes index.0 aStress -- Strain -- Mechanical properties of materials -- Axial load -- Torsion -- Bending -- Transverse shear -- Combined loadings -- Stress transformation -- Strain transformation -- Design of beams and shafts -- Deflection of beams and shafts -- Buckling of columns -- Energy methods.  0aStrength of materials. 0aMaterials. 0aMechanics, Applied. 2ddcn0cBKh620.1123iH521mkENGm2018e23 00102ddc4070aCSPCbCSPCcENGd2024-11-13l0oENG 620.1123 H521m 2018p028549r2024-11-13 00:00:00t1-1w2024-11-13yBK c28433d28433